Die zehn reichsten Länder in Europa nach BIP pro Kopf - Statistiken

Allgemein
  • Dieses Quiz wurde 383 mal gespielt
  • Das Durchschnittsergebnis liegt bei 8 aus 10
Antwortstatistiken
Rang BIP pro Kopf in € Land % Korrekt
4 93.657,23 Schweiz
95%
1 126.598,1 Luxemburg
93%
2 105.825,93 Norwegen
91%
8 56.188,32 Schweden
91%
10 52.191,77 Österreich
85%
6 68.294,91 Dänemark
84%
7 57.427,76 Niederlande
84%
3 103.311,01 Irland
73%
5 74.590,51 Island
72%
9 52.447,43 San Marino
59%
Keine übereinstimmenden Quizze gefunden
Verteilung der Resultate
Anzahl Personen mit jedem Resultat
Perzentil nach korrekt beantworteten Fragen
Ihre Resultats-Entwicklung
Sie haben dieses Quiz noch nicht gespielt